| 000 | 00577nam a2200193Ia 4500 | ||
|---|---|---|---|
| 003 | IN-BaIIA | ||
| 008 | 211028s9999 xx 000 0 eng d | ||
| 020 | _a0-08-019857-0 | ||
| 040 | _cIIA Library | ||
| 080 |
_a621.38 _bFIS |
||
| 100 |
_aFisher, J. E. _99525 |
||
| 245 | 0 |
_aElectronics _bfrom theory into practice _cJ. E. Fisher and H. B. Gatland |
|
| 260 |
_aOxford _bPergamon Press _c1976 |
||
| 300 | _axv, 489p. | ||
| 650 |
_aElectronics _91576 |
||
| 650 | _aNASA thesaurus | ||
| 700 |
_aGatland, H. B. _99526 |
||
| 942 | _cBK | ||
| 999 |
_c5485 _d5485 |
||